000 00590nam a22002057a 4500
999 _c92209
_d92209
005 20230704111733.0
010 _aENG-112361 ENG-137260
020 _a9789325980815
_c580.00
035 _aEN-95893 EN-120792
037 _bDBAD/PUB
082 _a519.5
100 _aSharma, J.K.
245 _aBusiness statistics /
_cby J.K. Sharma
250 _a4th ed
260 _aNoida (UP)
_bVikas Publishing House
_c2015 (repr.)
270 _aE-28, Sector-8,
_bNoida
_e201301
300 _axvi,737p.
_c28cm(pbk)
500 _aIncludes index
942 _2ddc
_cEN
_mSHA
_h519.5